Normal view MARC view
  • Civil Service Conference

Entry Meeting Name

Number of records used in: 1

001 - CONTROL NUMBER

  • control field: 7061

003 - CONTROL NUMBER IDENTIFIER

  • control field: OSt

005 - DATE AND TIME OF LATEST TRANSACTION

  • control field: 20170523105537.0

008 - FIXED-LENGTH DATA ELEMENTS

  • fixed length control field: 170523|| aca||aabn | a|a d

040 ## - CATALOGING SOURCE

  • Original cataloging agency: OSt
  • Transcribing agency: OSt

111 ## - HEADING--MEETING NAME

  • Meeting name or jurisdiction name as entry element: Civil Service Conference
  • Number of part/section/meeting: [8th :
  • Date of meeting: 2003 :
  • Location of meeting: Kuala Lumpur]

670 ## - SOURCE DATA FOUND

  • Source citation: Work cat.: (OSt)0: Civil Service Conference [8th : 2003 : Kuala Lumpur], Managing the National Economy in Challenging Times :, 2004
Pusat Sumber Maklumat Dato' Haji Sarmin Md Hussin, Akademi Kastam Diraja Malaysia, Melaka
Tel: 06-2331106 | Faks: 06-2313787